Cơ học chất lỏng lý thuyết; T2

Guardat en:
Dades bibliogràfiques
Autor principal: N E Kochin
Format: Llibre
Idioma:Undetermined
Publicat: Hà Nội KHKT 1974
Matèries:
Etiquetes: Afegir etiqueta
Sense etiquetes, Sigues el primer a etiquetar aquest registre!
Thư viện lưu trữ: Trung tâm Học liệu Trường Đại học Cần Thơ
LEADER 00584nam a2200193Ia 4500
001 CTU_2281
008 210402s9999 xx 000 0 und d
082 |a 532.101 
082 |b K76/T2 
100 |a N E Kochin 
245 0 |a Cơ học chất lỏng lý thuyết; T2 
245 0 |c N E Kochin, N. V. Roze; Dịch giả: Phạm Hữu Vĩnh 
260 |a Hà Nội 
260 |b KHKT 
260 |c 1974 
526 |a Công trình thủy lợi vùng triều 
526 |b CN658 
650 |a fluid mechanics 
980 |a Trung tâm Học liệu Trường Đại học Cần Thơ